000 00331nam a2200121Ia 4500
005 20251222144915.0
008 251222s9999||||xx |||||||||||||| ||spa||
082 _a869.25/G49
100 _aGirondo, Oliverio
245 0 _aVeinte Poemas para ser Leídos en el Tranvía:
264 _bCentro Editor de América Latina
942 _cLIB
999 _c22478
_d22478